| 000 | 00473nam a22001817a 4500 | ||
|---|---|---|---|
| 003 | CEME | ||
| 005 | 20210628203304.0 | ||
| 008 | 210204b xxu||||| |||| 00| 0 eng d | ||
| 020 | _a8121904765 | ||
| 040 | _c. | ||
| 082 | _a621.382 SIN | ||
| 100 |
_aSingh, Anokh , Chhabra, A.K _964500 |
||
| 245 | _aPrinciples of communication engineering | ||
| 260 |
_aINDIA _bS. CHAND _c2009 |
||
| 300 | _aIX, 662P | ||
| 650 |
_aCOMMUNICATION ENGINEERING. _964501 |
||
| 942 |
_cBK _2ddc |
||
| 999 |
_c572971 _d572971 |
||